Getting to grips with writing

Bibliographic Details
Other Authors: Hyder, Margaret
Format: Book
Published: Kuala Lumpur : Golden Books Centre , 1995
Subjects:

MARC

LEADER 00000cam a2200000 7i4500
001 0000017184
005 20080512.0
008 080512
020 |a 9837201339 
090 0 0 |a 428.1   |b HIL 
245 1 0 |a Getting to grips with writing   |c Catherine Hilton and Margaret Hyder 
260 |a Kuala Lumpur :   |b Golden Books Centre ,   |c 1995 
650 0 |a English language   |x Writing 
700 0 |a Hyder, Margaret 
999 |a 0001011735   |b Book   |c Adult Collection   |e Cawangan Batu Pahat 
999 |a 0001011736   |b Book   |c Adult Collection   |e Perbadanan Perpustakaan Awam Johor